Services marketing (Record no. 136223)
[ view plain ]
| 000 -LEADER | |
|---|---|
| fixed length control field | 00353nam a2200145Ia 4500 |
| 008 - FIXED-LENGTH DATA ELEMENTS--GENERAL INFORMATION | |
| fixed length control field | 230917s9999||||xx |||||||||||||| ||und|| |
| 040 ## - CATALOGING SOURCE | |
| -- | 112074 |
| Original cataloging agency | VIVEKANANDA LIBRARY |
| 041 ## - Language | |
| -- | English |
| 082 ## - DDC NUMBER | |
| Classification number | 658.8 A83S |
| 100 ## - MAIN ENTRY--PERSONAL NAME | |
| Personal name | Apte, Govind |
| 245 #0 - TITLE STATEMENT | |
| Title | Services marketing |
| 260 ## - PUBLICATION, DISTRIBUTION, ETC. (IMPRINT) | |
| Place of publication, distribution, etc | New Delhi |
| Name of publisher, distributor, etc | Oxford University Press |
| Date of publication, distribution, etc | 2004 |
| 300 ## - PHYSICAL DESCRIPTION | |
| Pages | 440 p. |
| 942 ## - ADDED ENTRY ELEMENTS (KOHA) | |
| Koha item type | Books |
| Withdrawn status | Lost status | Damaged status | Not for loan | Location (home branch) | Sublocation or collection (holding branch) | Date acquired | Koha issues (times borrowed) | Koha full call number | Accession No. | Koha date last seen | Koha item type | Shelving location |
|---|---|---|---|---|---|---|---|---|---|---|---|---|
| VIVEKANANDA LIBRARY | VIVEKANANDA LIBRARY | 21/11/2006 | 658.8 A83S | 237005 | 17/09/2023 | Books | ||||||
| VIVEKANANDA LIBRARY | VIVEKANANDA LIBRARY | 21/11/2006 | 658.8 A83S | 261940 | 17/09/2023 | Books | IMSAR Library | |||||
| VIVEKANANDA LIBRARY | VIVEKANANDA LIBRARY | 21/11/2006 | 658.8 A83S | 261984 | 17/09/2023 | Books | ||||||
| VIVEKANANDA LIBRARY | VIVEKANANDA LIBRARY | 21/11/2006 | 658.8 A83S | 261985 | 17/09/2023 | Books | IHTM Library | |||||
| VIVEKANANDA LIBRARY | VIVEKANANDA LIBRARY | 21/11/2006 | 658.8 A83S | 261986 | 17/09/2023 | Books | IHTM Library | |||||
| VIVEKANANDA LIBRARY | VIVEKANANDA LIBRARY | 21/11/2006 | 658.8 A83S | 261987 | 17/09/2023 | Books | IHTM Library | |||||
| VIVEKANANDA LIBRARY | VIVEKANANDA LIBRARY | 21/11/2006 | 658.8 A83S | 261988 | 17/09/2023 | Books | IHTM Library | |||||
| VIVEKANANDA LIBRARY | VIVEKANANDA LIBRARY | 21/11/2006 | 658.8 A83S | 261989 | 17/09/2023 | Books | IHTM Library | |||||
| VIVEKANANDA LIBRARY | VIVEKANANDA LIBRARY | 21/11/2006 | 658.8 A83S | 261990 | 17/09/2023 | Books | IHTM Library | |||||
| VIVEKANANDA LIBRARY | VIVEKANANDA LIBRARY | 21/11/2006 | 658.8 A83S | 261991 | 17/09/2023 | Books | IHTM Library | |||||
| VIVEKANANDA LIBRARY | VIVEKANANDA LIBRARY | 21/11/2006 | 658.8 A83S | 261992 | 17/09/2023 | Books | IHTM Library | |||||
| VIVEKANANDA LIBRARY | VIVEKANANDA LIBRARY | 21/11/2006 | 658.8 A83S | 261993 | 17/09/2023 | Books | IHTM Library |
